000
00263nam a2200109Ia 4500
008
220204s9999 xx 000 0 und d
082
_a
595.7
_b
LEW
100
_a
Lewis, H L
245
0
_a
Butterflies of the world
260
_a
London
_b
G G Harrap
_c
1973
942
_c
BK
999
_c
25539
_d
25539